North Carolina Cities A to Z Quiz Stats

 Plays Quiz not verified by Sporcle

Score 0/24 Timer 06:00
0 Plays Today
Letter City % Correct
CCharlotte
98.1%
RRaleigh
96.2%
DDurham
95.3%
AAsheville
94.3%
GGreensboro
93.7%
WWinston-Salem
90.2%
FFayetteville
87.7%
JJacksonville
76.9%
HHigh Point
75.9%
BBurlington
69.6%
KKannapolis
67.4%
ZZebulon
59.2%
Letter City % Correct
YYadkinville
49.1%
EElizabeth City
46.2%
NNew Bern
46.2%
SSalisbury
41.1%
LLumberton
36.7%
MMonroe
36.1%
TThomasville
31.6%
OOxford
24.7%
IIndian Trail
21.2%
PPinehurst
20.3%
UUnionville
17.4%
VValdese
14.9%

You're not logged in!

Compare scores with friends on all Sporcle quizzes.
OR
Log In

Show Comments

Extras

Top Quizzes Today


Score Distribution

Your Account Isn't Verified!

In order to create a playlist on Sporcle, you need to verify the email address you used during registration. Go to your Sporcle Settings to finish the process.

Report this User

Report this user for behavior that violates our Community Guidelines.

Details: